Half Return Lyrics Adrianne Lenker - Statistics

General Stats
  • This quiz has been taken 71 times
    22 since last reset
  • The average score is 127 of 163
Answer Stats
Answer % Correct
a
100%
and
100%
in
100%
is
100%
like
100%
the
100%
dead
92%
dressed
92%
house
92%
kid
92%
lawn
92%
standing
92%
white
92%
yard
85%
half
77%
return
77%
down
69%
for
69%
when
69%
you
69%
every
62%
it
62%
me
62%
my
62%
there's
62%
up
62%
what
62%
your
62%
bridge
54%
crow
54%
eyes
54%
hometown
54%
other
54%
pull
54%
push
54%
shadow
54%
show
54%
step
54%
swing
54%
take
54%
35
46%
chain
46%
cross-eyed
46%
gave
46%
honey
46%
minneapolis
46%
mouth
46%
name
46%
ride
46%
rusty
46%
slide
46%
snow
46%
soft
46%
tears
46%
illinois
38%
plastic
38%
set
38%
at
31%
indiana
31%
roll
31%
windows
31%
plain
23%
road
23%
shoot
23%
toll
23%
change
15%
No matching quizzes found
Score Distribution
Percent of People with Each Score
Percentile by Number Answered
Your Score History
You have not taken this quiz since the last reset